|
|
|
|
| LEADER |
01114nam a2200265 4500 |
| 001 |
c000122821 |
| 003 |
CARM |
| 005 |
00000000000000.0 |
| 008 |
750731s1964 xx 00010 eng u |
| 019 |
1 |
|
|a 8012685
|5 LACONCORD2021
|
| 035 |
|
|
|a (OCoLC)1494081
|5 LACONCORD2021
|
| 050 |
0 |
0 |
|a PC13
|b .N67
|
| 100 |
1 |
|
|a Peak, J. Hunter
|
| 245 |
1 |
0 |
|a Social drama in nineteenth-century Spain
|c by J. Hunter Peak.
|
| 260 |
|
|
|a Chapel Hill,
|b University of North Carolina Press
|c [1964]
|
| 300 |
|
|
|a 168 p.
|c 23 cm.
|
| 490 |
1 |
|
|a University of North Carolina. Studies in the Romance languages and literature, no. 51.
|
| 504 |
|
|
|a Bibliography: p. 167-168.
|
| 650 |
|
0 |
|a Spanish drama
|y 19th century
|x History and criticism.
|
| 650 |
|
0 |
|a Social problems in literature.
|
| 810 |
2 |
|
|a North Carolina University Studies in the Romance languages and literatures, no. 51.
|
| 852 |
8 |
|
|b CARM
|h A2:AF11A0
|i B01150
|p 0057751
|f BK
|
| 082 |
0 |
4 |
|a 362.509
|
| 999 |
f |
f |
|i 1f5a7adf-bf6e-5d09-a4fd-d2b147ca9556
|s 0be3b2be-ca23-5e2a-b804-12e2a056de85
|
| 952 |
f |
f |
|p Can circulate
|a CAVAL
|b CAVAL
|c CAVAL
|d CARM 1 Store
|e B01150
|f A2:AF11A0
|h Other scheme
|i book
|m 0057751
|